Đánh giá thực trạng môi trường sản xuất than củi trên địa bàn huyện Châu Thành, tỉnh Hậu Giang : Luận văn tốt nghiệp Cao học. Chuyên ngành Quản lý tài nguyên và Môi trường

Mô tả thực trạng làng nghề hầm than, đánh giá sự tác động của việc sản xuất than củi đến môi trường, sức khỏe cộng đồng và sinh kế của người dân.

Guardat en:
Dades bibliogràfiques
Autor principal: Lê, Thị Thùy Như
Format: Llibre
Idioma:Undetermined
Publicat: Cần Thơ Trường Đại học Cần Thơ 2018
Matèries:
Etiquetes: Afegir etiqueta
Sense etiquetes, Sigues el primer a etiquetar aquest registre!
Thư viện lưu trữ: Trung tâm Học liệu Trường Đại học Cần Thơ
LEADER 01141nam a2200229Ia 4500
001 CTU_228148
008 210402s9999 xx 000 0 und d
082 |a 363.7392 
082 |b Nh550 
088 |a 8850101 
100 |a Lê, Thị Thùy Như 
245 0 |a Đánh giá thực trạng môi trường sản xuất than củi trên địa bàn huyện Châu Thành, tỉnh Hậu Giang : 
245 0 |b Luận văn tốt nghiệp Cao học. Chuyên ngành Quản lý tài nguyên và Môi trường 
245 0 |c Lê Thị Thùy Như ; Lê Anh Tuấn (Cán bộ hướng dẫn) 
260 |a Cần Thơ 
260 |b Trường Đại học Cần Thơ 
260 |c 2018 
520 |a Mô tả thực trạng làng nghề hầm than, đánh giá sự tác động của việc sản xuất than củi đến môi trường, sức khỏe cộng đồng và sinh kế của người dân. 
650 |a Air,Không khí 
650 |x Pollution,Ô nhiễm 
910 |b nthai 
980 |a Trung tâm Học liệu Trường Đại học Cần Thơ